00680nam a2200181 i 4500001000700000003000900007005001700016007000300033008004100036100004000077245009800117260004900215300002900264700002800293852003200321999001900353952012600372149698ES-MaACL20230906203221.0t|071024s1960 sp ||||1| spa d1 aVarona, Esteban Antonio de.911324410aYucatán / ctexto and photographs by Esteban A. de Varona ; [translated by Leonard Cooper]. aMadrid : b[s.n., c1960] (fGráf. Madrid) a43 p. : bil. ; c20 cm.1 aCooper, Leonard.940392 aES-MaACLjC-19697 bR.47155 c149698d149698 00104070aATENEOMbATENEOMcGaleríad2008-01-17eSCl0oC-19697p1156214r2023-02-23 00:00:00w2023-02-23yMONOGRAFIA